Úspešné crowdfundingové kampane zo Slovenska

Projekty, ktorými chceli slovenskí podnikatelia upútať crowdfundingovú komunitu a aké boli ich výsledky. Výber úspešných kampaní z domácej produkcie a ich odlišnosť od ostatných.

Saved in:
Bibliographic Details
Main Author: Šrenkel, Ľudovít
Format: Book Chapter
Language:Slovak
Subjects:
Tags: Add Tag
No Tags, Be the first to tag this record!

MARC

LEADER 00000nla a2200000 4500
001 0198166
005 20240502073340.0
041 0 |a slo 
044 |a SK 
245 1 0 |a Úspešné crowdfundingové kampane zo Slovenska  |c Ľudovít Šrenkel 
520 |a Projekty, ktorými chceli slovenskí podnikatelia upútať crowdfundingovú komunitu a aké boli ich výsledky. Výber úspešných kampaní z domácej produkcie a ich odlišnosť od ostatných. 
610 2 0 |a podnikanie 
610 2 0 |a zámery podnikateľské 
610 2 0 |a financovanie 
610 2 0 |a efektívnosť podnikania 
610 2 0 |a stratégia podnikateľská 
610 2 0 |a stratégia inovačná 
100 1 |a Šrenkel, Ľudovít